[Event "Guillermo Garcia Memorial U16 op 29th"]
[Site "Santa Clara"]
[Date "2022.05.07"]
[Round "6"]
[White "Acosta Guerrero, Yadel Alejandro"]
[Black "Neira Garcia, Llirbel Anei"]
[Result "1/2-1/2"]
[WhiteElo "1722"]
[BlackElo "1803"]
[PlyCount "60"]
[EventDate "2022.05.02"]
[EventType "swiss"]
[EventRounds "7"]
[EventCountry "CUB"]
[SourceTitle "EXT 2023"]
[Source "ChessBase"]
[SourceDate "2022.10.05"]
[SourceVersion "1"]
[SourceVersionDate "2022.10.05"]
[SourceQuality "1"]

1. e4 c5 2. Nf3 e6 3. d4 cxd4 4. Nxd4 Nc6 5. c4 Nf6 6. Nc3 Bb4 7. Nxc6 dxc6 8. Qxd8+ Kxd8 9. Bg5 h6 10. 0-0-0+ Ke7 11. Bd2 e5 12. f3 Bc5 13. Na4 Bd6 14. Be3 Be6 15. Nc5 b6 16. Nxe6 Kxe6 17. g3 Rad8 18. Bh3+ Ke7 19. Rd3 Bc7 20. Rhd1 Rxd3 21. Rxd3 Rd8 22. Rxd8 Kxd8 23. c5 Nd7 24. cxb6 axb6 25. b4 b5 26. f4 f6 27. Bxd7 Kxd7 28. f5 Bd6 29. Bc5 Bxc5 30. bxc5 Kc7 1/2-1/2

[Event "Guillermo Garcia Memorial U16 op 29th"]
[Site "Santa Clara"]
[Date "2022.05.06"]
[Round "5"]
[White "Gonzalez Hernandez, Derek Alejandro"]
[Black "Acosta Guerrero, Yadel Alejandro"]
[Result "0-1"]
[WhiteElo "1652"]
[BlackElo "1722"]
[PlyCount "140"]
[EventDate "2022.05.02"]
[EventType "swiss"]
[EventRounds "7"]
[EventCountry "CUB"]
[SourceTitle "EXT 2023"]
[Source "ChessBase"]
[SourceDate "2022.10.05"]
[SourceVersion "1"]
[SourceVersionDate "2022.10.05"]
[SourceQuality "1"]

1. e4 e5 2. Nf3 Nf6 3. Nxe5 d6 4. Nf3 Nxe4 5. d4 d5 6. Bd3 Bd6 7. 0-0 0-0 8. Re1 Re8 9. c4 c6 10. Nc3 Bf5 11. Be3 Bc7 12. Qc2 Na6 13. a3 Rc8 14. Rad1 Qd6 15. Ne2 dxc4 16. Qxc4 Qf6 17. Ne5 Nd6 18. Qc1 Bxd3 19. Bg5 Qe6 20. Nxd3 Ne4 21. Ng3 Bxg3 22. hxg3 Qd5 23. Be3 Nc7 24. Nc5 b6 25. Nxe4 Rxe4 26. Qc2 Rce8 27. Rc1 R8e6 28. Qd3 Re8 29. Qc2 R4e6 30. Red1 Qh5 31. d5 Nxd5 32. Bd4 c5 33. Bc3 Re2 34. Qd3 Nxc3 35. bxc3 h6 36. Qd7 R8e7 37. Qd8+ Kh7 38. a4 Qf5 39. Rf1 Rd7 40. Qb8 Rdd2 41. Qf4 Qxf4 42. gxf4 Ra2 43. Ra1 Rxa1 44. Rxa1 Rc2 45. a5 Rxc3 46. axb6 axb6 47. Rb1 Rc4 48. Rxb6 Rxf4 49. Rc6 Rc4 50. g3 Rc2 51. Kg2 g5 52. Kg1 Kg7 53. Kg2 f6 54. g4 c4 55. Rc7+ Kg6 56. Rc6 c3 57. Kg3 Rc1 58. f3 c2 59. Kg2 h5 60. Rc5 h4 61. Rc3 Kf7 62. Kh2 h3 63. Rc4 Ke6 64. Rc3 Ke5 65. Rc4 Kd5 66. Rc3 Kd4 67. Rc8 Ke3 68. Rc3+ Kd2 69. Rc8 Re1 70. Rd8+ Ke2 0-1

[Event "Guillermo Garcia Memorial U16 op 29th"]
[Site "Santa Clara"]
[Date "2022.05.02"]
[Round "1"]
[White "Aguilera Enciso, Claudia"]
[Black "Acosta Guerrero, Yadel Alejandro"]
[Result "0-1"]
[WhiteElo "1490"]
[BlackElo "1722"]
[PlyCount "70"]
[EventDate "2022.05.02"]
[EventType "swiss"]
[EventRounds "7"]
[EventCountry "CUB"]
[SourceTitle "EXT 2023"]
[Source "ChessBase"]
[SourceDate "2022.10.05"]
[SourceVersion "1"]
[SourceVersionDate "2022.10.05"]
[SourceQuality "1"]

1. d4 d5 2. Bf4 Nf6 3. e3 e6 4. Nf3 Nbd7 5. Nbd2 Be7 6. c4 c5 7. Bd3 0-0 8. 0-0 b6 9. Qc2 h6 10. Bg3 Ba6 11. Rfe1 Rc8 12. Qa4 Bb7 13. Rac1 a6 14. cxd5 Nxd5 15. a3 b5 16. Qd1 c4 17. Be4 c3 18. bxc3 Bxa3 19. Bxd5 Bxd5 20. Ra1 Rxc3 21. Nb1 Rc1 22. Qd2 Rxe1+ 23. Qxe1 Be7 24. Rxa6 Bxf3 25. gxf3 b4 26. Bd6 Bxd6 27. Rxd6 Qc7 28. Rxd7 Qxd7 29. Qxb4 Rc8 30. Nc3 Qa7 31. Ne4 e5 32. d5 Qd7 33. d6 f5 34. Nc3 Kh8 35. Nb5 Rb8 0-1